000
00235nam a22000857a 4500
008
160706b xxu||||| |||| 00| 0 eng d
100
_9
2351
_a
Reader's Digest
245
_a
How to do Just About AN.Ything
260
_a
New York
_b
Reader's Digest
999
_c
2028
_d
2028